000 00833nam a2200253 a 4500
001 70502
003 BD-RjUL
005 20211209082017.0
008 170417s1954 nyu 001 0 eng
035 _a(BD-RjUL)70716
040 _aDLC
_cOYU
_dBD-RjUL
_beng
041 1 _aeng
_hger
082 _a512
_223
_bHAE 1954
100 1 _aHasse, Helmut,
_d1898-1979.
_9151120
245 0 0 _aExercises to Higher algebra /
_cby Helmut Hasse and Walter Klobe. Translated from the 2d rev. and enl. German ed., by Theodore J. Benac.
260 _aNew York :
_bF. Ungar Pub. Co.,
_cc1954.
300 _a212 p. :
_c21 cm.
500 _aIncludes index
650 0 _aAlgebra
_9117247
700 1 _aKlobe, Walter,
_ejoint author.
_9208701
700 1 _aHasse, Helmut,
_d1898-1979.
_tHigher algebra.
_9208702
942 _2ddc
_cBK
999 _c70502
_d70502